Joueurs TM#3 (trackmania) - Statistiques

Statistiques générales
  • Ce quiz a été pris 169 fois
  • Le résultat moyen est 41 sur 132
Statistiques - réponses
Hint Réponse % Correct
Vainqueur ESWC 2015 CarlJr
81%
Ban de la ZRT Scrapie
75%
Est devenu semi-pro sur League of Legends Badlulu
70%
A gagné une compétition sur un tapis de danse CarlJr
70%
Premier joueur à être recruté chez la Kameto Corp Darker
69%
Streamer de l'année 2020 Wirtual
58%
Joueur ayant perdu le moins de points en TMGL Winter 2021 (24 points) CarlJr
57%
Serveur Time To Shine Domingo / CarlJr
57%
Organisateur Sportyx Cup Yannex
57%
"o no" matt
54%
2ème ZRT Cup 2017 Papou
54%
Appuient sur les touches plus vite que tout le monde riolu / Techno / certains Nadeo hunters
54%
A été le caster de riolu en TMGL Wirtual
54%
Possède deux trophées 9 sur TM2020 Gwen
53%
Gamers Origin black Papou / Cap
53%
Joueur ayant perdu le plus de points TMGL Winter 2021 (227 points) Bren
52%
1er mate de Badlulu ZRT Cup 2019 Cocow
52%
Pros ayant gagné le Twitch Rivals 2020 Papou / Gwen
52%
Joueur polonais en 1/2 ZRT Cup Plastorex
52%
Joueurs promus en TMGL Fall 2021 Binks / Worker
49%
Vainqueur Lyon eSport 2021 Bren
49%
TM2020 drama entre streamers riolu / Wirtual
49%
Fan2 Wosile / MimoJr
49%
"Pulling a ..." Wirtual
48%
A développé le script mettant en lumière la triche sur Trackmania donadigo
47%
Caster de l'année 2020 GGeek
47%
Vainqueur German Trackmania Cup 2021 Massa
47%
Joueurs devenus Nadeo softyB / Tona / Phoebe
47%
Finalistes ZRT Cup #1 Koenz / Marius89 / Sandder / DeViL
46%
OK Bois Marius89 / GranaDy / shorty / Lars
46%
Mate de Gwen ZRT Cup 2019 Wingobear
46%
A réalisé le plus d'interviews de la communauté Trackmania Eirik Holdal
45%
Joueurs MTP hugo220 / Haëdra / Tommy
45%
A gagné 3 fois la Gamers Assembly Tech Pac
45%
Joueur ayant gagné le final chance et terminé 3ème des playoffs TMGL Winter 2021 Scrapie
44%
Organisateur/animateur Marbles On Trackmania Wingobear
44%
Chien Dog / Tricky
43%
Poisson carnivore Piranha
43%
Joueur ayant perdu son orga en cours de TMGL Scrapie
43%
Vainqueur TMGL Showmatch TM2020 Pac
42%
A snipe Glast pour se qualifier en 1/2 finale ZRT 2020 Badlulu
41%
Drama en pleine nuit entre joueurs TMGL Massa / Mudda
40%
YEP tree Massa
38%
Joueurs français chez expert black Bren / Symbiose / Roa
37%
Double faceplant en fin de map (1v1 COTD) CarlJr / Otaaaq
37%
Mappeur de TMGL - Circles link
37%
Pépère Marius89
37%
Joueur ayant le plus de points à la fin du combine TMGL Fall 2020 (71 points) Mudda
35%
Caster du TM All-Stars 2018 avec ZeratoR CarlJr
34%
Konbini CarlJr / Bren
34%
Vainqueur Marathonfinement Korch
32%
Frères à l'ESWC 2012 Canyon Ludo / Cocow
32%
Vainqueur Gamers Assembly 2013 YoYo
31%
Mappeurs de Midnight Metropolis htimh / Neon / Hotrod
30%
Cupra Massa
30%
Mate de Bren GameWard Cup #1 Papou
30%
Joueurs britanniques à l'ESWC 2014 Sabre / Leo / Jonno
30%
Coach de Skyyart Glast
28%
Team Spam au Twitch Rivals Pac / Simply Nick / Ninadore
28%
Casquette à l'envers Piranha / GranaDy
28%
Admin emblématique de la TTC Axelalex
27%
Vainqueur Planet Dirt Cup #2 Fire
27%
Était 15ème au classement après 3 steps de TMGL Winter 2021 Gwen
27%
Double faceplant en 1v1 sur ESL - Parrots are cool KarjeN / frostBeule
27%
Vidéo "You literally have to Press Nothing to finish this track" (Trackmania 2020) L4Bomb4
27%
A gagné la GA Canyon et Valley en 2015 riolu
27%
Gonzales Speedy
27%
Vainqueur Giant Cup (2018) tween
27%
Composition de la team gagnante de la Solary Team Cup sur TM2 (team CarlJr) tween / Kappa / Binks
27%
Ancien pseudo de Binks Alex
26%
A remplacé Sky en TMGL Beta Massa
26%
Tierlist beauté Shuultz / Natic
26%
Joueuse trial LauraNBK
25%
Ne s'est pas qualifié pour la grande finale après avoir joué 4 finales de la GA 2021 online Razer
25%
Mappeur de TMGL - Reversing Tomsen
25%
Finalistes Man vs Man Winter 2019 Kappa / DexteR
24%
Commentateur "approaching the ice section" Turbo
24%
3ème OGL Winter 2021 Binks
23%
Joueur Forza Uganda en 3 lettres cLM
23%
2ème Centaury Solo Tech Tournament Novis
23%
Dernier joueur à avoir quitté exalty Panda
23%
4ème Lyon eSport 2020 Spam
23%
L'étalon du tech français Symbiose
23%
Vainqueur COTD April Fools 2021 trabadia
23%
Midroad transition bug au Combine Winter 2020 Yannex
23%
"La fusée" Ayako
22%
BX3/expert black/ANE JaviFlyer
22%
A battu Pac en 1v1 sur du tech (TM2020) Otaaaq
22%
N'a pas accroché son chèque ESS au dessus de son lit Aurel
20%
Derniers vainqueurs de la 24h DDE DexteR / shorty
20%
Vainqueur DreamHack Winter 2008 et Summer 2009 KarjeN
20%
A gagné le plus de Spam Weekly JaviFlyer
19%
Vidéo "I race to win" Peiks / Kappa
19%
Vainqueur TheNest #1 tween
19%
Vainqueur Suit Cup #2 Wosile
19%
Vainqueur Matt's Spacestation Grand Prix Aurel
18%
Dramas avec Bergie frostBeule
18%
Organisateur Trackmania Holiday Showdown 2020 (événement caritatif) Kem
18%
Vainqueur ESWC 2012 Canyon Klovni
18%
2ème Gamers Assembly 2019 Fullspeed Navi
18%
Frères chez ubiteam Raptor / Ringoa
18%
Vainqueur La Catalane YoYo
18%
Joueurs ayant accumulé le moins de points à la fin des combines TMGL Haëdra / Tjalic / Wosile
17%
Change son pseudo ingame pour des actrices à caractère romantique Ratchet
17%
"What do you think of the mappool of the semi final ?" -"Of Papou ?" Revo
17%
Joueurs français chez RtA Shelly / Katic / EpiK
17%
2ème Planet Dirt Cup 2 Affi
16%
Créateur campagnes reverse et checkpointless Edge
16%
Krankenwagen Scottie / Scotsman
16%
Caster de Kappa et Affi en TMGL Cousin
15%
acer/PkD/eSuba DanikB
15%
Meilleure joueuse tech Michelle
15%
2ème ESWC 2013 TaLa
15%
Mate de Massa ZRT Cup 2019 Eger
14%
Joueurs italiens chez dignitas/acer Extreme / B3pp0 / Remix
14%
Organisateur Micromachine Cup CC
13%
Ont remplacé Spam et Razer pour la Air France Cup Elie / Dunste
13%
Dernier capitaine en date de l'équipe d'Allemagne Harni
13%
Thread cheat sur TMM - hideaway Moutro / Klauxe
13%
Skinner polonais piana
13%
Créateur de l'appellation "zoop" Massa
12%
Possède le plus de trophées 7 sur TM2020 DexteR
11%
Joueur sponsorisé par Red Bull HakkiJr
11%
Réunions cuisine Hylis
11%
Joueur acer brésilien vini
11%
Tierlist ZRT CiremyxX
9%
pulse / Proxiz Zahrokz
9%
"Voyez là le beau trickpad ?" Kappa
8%
Top 16 OGL jouant au D-Pad Razii
8%
2v2 le plus long de l'histoire en ESL CPS 12 (Score : 12-10) frostBeule / Koenz / JohN / dNs
5%
2ème ESWC 2010 Moriah
5%
Champion de France ESWC 2012 Nedd
5%
Aucun quiz correspondant
Distribution des résultats
% des personnes avec chaque résultat
Percentile par nombre de réponses
Votre historique - résultats
Vous n’avez pas pris ce quiz